Ecología de comunidades

Uloženo v:
Podrobná bibliografie
Hlavní autor: Jaksic Andrade, Fabián M (Autor)
Další autoři: Marone, Luis
Médium: Kniha
Jazyk:španělština
Vydáno: Valparaíso Ediciones Universidad Católica de Chile 2007
Vydání:Segunda edición
Edice:Lecciones
Témata:
Tagy: Přidat tag
Žádné tagy, Buďte první, kdo vytvoří štítek k tomuto záznamu!

MARC

LEADER 00000cam a2200000 a 4500
001 UCI3510
003 CL-VaPUC
005 20220331130729.0
008 071109e20070000CL |||||||||||||||||spa|d
020 |a 9789561409170 
040 |c Pontificia Universidad Católica de Valparaíso 
082 0 4 |a 577.82 JAK 2007  |2 21 
100 |a Jaksic Andrade, Fabián M  |e author  |9 566415 
245 1 0 |a Ecología de comunidades 
250 |a Segunda edición 
260 |a Valparaíso  |b Ediciones Universidad Católica de Chile  |c 2007 
300 |a 336 páginas 
490 0 |a Lecciones 
583 |a last modification  |c 20121227 01:46:21  |k Rodrigo Vera 
650 0 |a Ecología   |9 258124 
650 0 |a Ecosistemas  |9 261477 
650 0 |a Comunidades bióticas   |9 269776 
700 0 |a Marone, Luis  |9 524856 
942 |c BK  |2 ddc 
945 |d 20071109 00:00:00  |a rbrito 
999 |c 327667  |d 327665 
952 |0 0  |1 0  |2 ddc  |4 0  |6 577_820000000000000_JAK_2007  |7 0  |8 A  |9 410812  |a BIBCUR  |b BIBCUR  |d 2019-11-22  |i 4599519  |o 577.82 JAK 2007  |p 4599519  |r 2025-04-22  |t 2  |w 2019-11-22  |y BK  |k BIO 
952 |0 0  |1 0  |2 ddc  |4 0  |6 577_820000000000000_JAK_2007  |7 0  |8 A  |9 410813  |a BIBCUR  |b BIBCUR  |d 2019-11-22  |i 4603753  |o 577.82 JAK 2007  |p 4603753  |r 2025-04-22  |t 3  |w 2019-11-22  |y BK  |k BIO 
952 |0 0  |1 0  |2 ddc  |3 erb  |4 0  |6 577_820000000000000_JAK_2007  |7 0  |8 A  |9 410814  |a BIBING  |b BIBING  |i 5045703  |o 577.82 JAK 2007  |p 5045703  |r 2025-01-20  |t 4  |w 2019-11-22  |y BK  |z Catalogado en:20140109  |k GEO 
952 |0 0  |1 0  |2 ddc  |3 erb  |4 0  |6 577_820000000000000_JAK_2007  |7 0  |8 A  |9 410815  |a BIBAGR  |b BIBAGR  |i 5141672  |o 577.82 JAK 2007  |p 5141672  |r 2025-01-20  |t 5  |w 2019-11-22  |y BK  |z Catalogado en:20150319  |k AGR 
952 |0 0  |1 0  |2 ddc  |3 erb  |4 0  |6 577_820000000000000_JAK_2007  |7 0  |8 A  |9 410816  |a BIBAGR  |b BIBAGR  |i 5141664  |o 577.82 JAK 2007  |p 5141664  |r 2025-01-20  |t 6  |w 2019-11-22  |y BK  |z Catalogado en:20150319  |k AGR